000 00512nam a2200181Ia 4500
001 3470
005 20260306145646.0
008 260306t2016||||xx |||||||||||||| ||spa||
041 _aESP
082 _a279.83
_bG84
100 _aGuarda, Gabriel
_eAUT
245 0 _aLa edad media de Chile:
_bhistoria de la iglesia desde la fundación de Santiago a la incorporación de Chiloé: 1541-1826
260 _c2016
300 _a617 páginas :
_c24 cm.
650 _aGEN
654 _aCHU
942 _cLIB
_dJUS
_fJUS
_2ddc
_n
999 _c3470
_d3470